LEADER 00847nam0-2200277---450- 001 990009784220403321 005 20131106170605.0 035 $a000978422 035 $aFED01000978422 035 $a(Aleph)000978422FED01 035 $a000978422 100 $a20131105d1931----km-y0itay50------ba 101 0 $aita 102 $aIT 105 $a--------001yy 200 1 $a<>finanza locale$etesto unico con la relazione ministeriale a S.M. il Re e R.Decreto 14 settembre 1931, n. 1175$fMinistero delle Finanze 210 $aRoma$cIstituto poligrafico dello Stato$d1931 215 $d292 p.$d18 cm 710 01$aItalia.$bMinistero delle finanze$0356818 801 0$aIT$bUNINA$gRICA$2UNIMARC 901 $aBK 912 $a990009784220403321 952 $aDT I-246$b2813$fDEC 959 $aDEC 996 $aFinanza locale$9833234 997 $aUNINA LEADER 03399nam 2200637Ia 450 001 9910785435803321 005 20230812000848.0 010 $a979-82-16-03845-0 010 $a1-282-93331-0 010 $a9786612933318 010 $a0-313-37593-3 024 7 $a10.5040/9798216038450 035 $a(CKB)2670000000060250 035 $a(EBL)617136 035 $a(OCoLC)694733542 035 $a(SSID)ssj0000431375 035 $a(PQKBManifestationID)12143058 035 $a(PQKBTitleCode)TC0000431375 035 $a(PQKBWorkID)10474668 035 $a(PQKB)11653941 035 $a(Au-PeEL)EBL617136 035 $a(CaPaEBR)ebr10437260 035 $a(CaONFJC)MIL293331 035 $a(MiAaPQ)EBC617136 035 $a(OCoLC)1395568458 035 $a(UkLoBP)BP9798216038450BC 035 $a(EXLCZ)992670000000060250 100 $a20230825e20092023 uy 0 101 0 $aeng 135 $aur|n|---||||| 181 $ctxt 182 $cc 183 $acr 200 14$aThe words and music of Jimi Hendrix$b[electronic resource] /$fDavid Moskowitz 205 $a1st ed. 210 1$aWestport, CT :$cGreenwood,$d2009. 210 2$aLondon :$cBloomsbury Publishing (UK),$d2023. 215 $a1 online resource (225 p.) 225 1 $aThe Praeger Singer-Songwriter Collection 300 $aDescription based upon print version of record. 311 $a0-313-37592-5 320 $aIncludes bibliographical references and index. 327 $aCover; Contents; Series Foreword; Acknowledgments; Introduction; Scope and Organization of This Book; 1. The Early Years: Teeth Cutting and Life as a Sideman; 2. Overnight Success (1966-1967); 3. Taking Control (Fall 1967-1969); 4. New Horizons; 5. The Gypsys: Part II; 6. The ''New'' Jimi Hendrix Experience; 7. Jimi Lives On: Selected Posthumous Albums; 8. More and More: The Douglas Releases, Dolly Dagger Records, and More Modern Releases; 9. The Legacy of Jimi Hendrix: Merchandizing a Legend and Control of the Estate; Tours and Jam Sessions; Selected Discography; Notes; Bibliography; Index 330 $aThis comprehensive discussion of the singer/songwriter/guitarist's life carves autobiographical details from the lyrics of his song catalog. Jimi Hendrix was a rock 'n' roll guitar god and remains an important rock icon, still popular despite the four decades that have passed since his death in 1970. The Words and Music of Jimi Hendrix uses Hendrix's music-including the posthumous album Valleys of Neptune, released on March 9, 2010-to shed light on the details of the singer/songwriter's all-too-brief life. Organized chronologically, the book provides an in-depth look at Hendrix's life, carving autobiographical details from his lyrics. At the same time, it offers readers a better understanding of the superstar's music and the forces behind it. The book focuses on the three albums released during Hendrix's life, as well as the major posthumous works. Priority is also given to touring and to the influence of other guitarists. 410 0$aThe Praeger Singer-Songwriter Collection. 606 $aMusic$2bicssc 615 7$aMusic 676 $a787.87166092 676 $aB 700 $aMoskowitz$b David V.$01497592 801 0$bUkLoBP 801 1$bUkLoBP 906 $aBOOK 912 $a9910785435803321 996 $aThe words and music of Jimi Hendrix$93722779 997 $aUNINA